Normal view
MARC view
Entry Personal Name
001 - CONTROL NUMBER
- control field: 71904
003 - CONTROL NUMBER IDENTIFIER
- control field: OSt
005 - DATE AND TIME OF LATEST TRANSACTION
- control field: 20180410130546.0
008 - FIXED-LENGTH DATA ELEMENTS
- fixed length control field: 180410|| aca||aabn | a|a d
040 ## - CATALOGING SOURCE
- Original cataloging agency: OSt
- Transcribing agency: OSt
100 ## - HEADING--PERSONAL NAME
- Personal name: प्रियंका गुप्ता
670 ## - SOURCE DATA FOUND
- Source citation: Work cat.: (OSt): प्रियंका गुप्ता, पर्यावरण विज्ञान, 2015









